I Know the Psychology of Rats/ (Record no. 216383)

MARC details
000 -LEADER
fixed length control field 00528nam a2200205 4500
005 - DATE AND TIME OF LATEST TRANSACTION
control field 20260527155512.0
010 ## - LCCN (DPL NO)
LC control number ENG-148642
020 ## - INTERNATIONAL STANDARD BOOK NUMBER
International Standard Book Number 9788195639205
Terms of availability 1200.00
035 ## - SYSTEM CONTROL NUMBER
System control number EN-132174
037 ## - SOURCE OF ACQUISITION
Source of stock number/acquisition DBAD
082 ## - DEWEY DECIMAL CLASSIFICATION NUMBER
Classification number S
100 ## - MAIN ENTRY--PERSONAL NAME
Personal name Mirza, Saeed
245 ## - TITLE STATEMENT
Title I Know the Psychology of Rats/
Statement of responsibility, etc Saeed Mirza
250 ## - EDITION STATEMENT
Edition statement 1
260 ## - PUBLICATION, DISTRIBUTION, ETC. (IMPRINT)
Place of publication, distribution, etc New Delhi
Name of publisher, distributor, etc Tulika Books
Date of publication, distribution, etc 2023
270 ## - ADDRESS
Address 44 (First Floor), Shahpur Jat,
City New Delhi
Postal code 110049
300 ## - PHYSICAL DESCRIPTION
Extent 157p.
Dimensions 24cm(pb)
490 ## - SERIES STATEMENT
Volume number/sequential designation 3
942 ## - ADDED ENTRY ELEMENTS (KOHA)
Source of classification or shelving scheme Dewey Decimal Classification
Item type English Books
Classification part S
Call number suffix MIR
Holdings
Withdrawn status Lost status Not for loan Collection code Home library Current library Date acquired Source of acquisition Cost, normal purchase price Full call number Barcode Copy number Cost, replacement price Koha item type
      Fiction Tri Nagar Tri Nagar 27/05/2026 Delivery of Books Act Division 1200.00 S MIR EN-132174 1 1200.00 English Books

© Delhi Public Library
Hit Counter
free hit counter